[Event "4NCL 3 South pool B"]
[Site "Maidenhead, ENG"]
[Date "2020.01.11"]
[Round "3.55"]
[White "Cole, James"]
[Black "Taylor, William J"]
[Result "0-1"]
[WhiteElo "2042"]
[BlackElo "1959"]
[PlyCount "102"]
[EventDate "2020.01.11"]
[WhiteTeam "Oxford 2"]
[BlackTeam "West is Best 2"]

1. e4 e5 2. Nf3 Nf6 3. Nxe5 d6 4. Nf3 Nxe4 5. d4 d5 6. Bd3 Bd6 7. O-O O-O 8. c4
c6 9. Nc3 Nxc3 10. bxc3 dxc4 11. Bxc4 Bf5 12. a4 Nd7 13. h3 h6 14. Re1 Qc7 15.
Nh4 Bh7 16. Qf3 Nb6 17. Bb3 Rae8 18. Bd2 Qd7 19. Qg4 Be7 20. Qxd7 Nxd7 21. Nf3
Bd6 22. Be3 Re7 23. Nd2 Rfe8 24. Nc4 Bf4 25. g3 Bxe3 26. Rxe3 Kf8 27. Rae1 Rxe3
28. Rxe3 Rxe3 29. fxe3 Bf5 30. Nd6 Bxh3 31. Nxb7 Nf6 32. Nd8 Bd7 33. Nxf7 Ng4
34. e4 Ke7 35. e5 Be6 36. Bxe6 Kxe6 37. Nd6 Ne3 38. a5 Nd1 39. Ne8 g6 40. c4
Ne3 41. Nc7+ Kd7 42. Na6 Nxc4 43. Nc5+ Ke7 44. a6 Ne3 45. Kf2 Nc2 46. Ke2 Nxd4+
47. Kd3 Ne6 48. Ne4 h5 49. Kc4 g5 50. Nf6 h4 51. gxh4 gxh4 0-1

[Event "4NCL 3 South pool B"]
[Site "Maidenhead, ENG"]
[Date "2020.01.11"]
[Round "3.56"]
[White "Davies, Matthew"]
[Black "Wilson, Edgar"]
[Result "1/2-1/2"]
[WhiteElo "1906"]
[BlackElo "2012"]
[PlyCount "87"]
[EventDate "2020.01.11"]
[WhiteTeam "West is Best 2"]
[BlackTeam "Oxford 2"]

1. d4 d5 2. c4 e6 3. Nc3 Nf6 4. cxd5 exd5 5. Bg5 Be7 6. e3 h6 7. Bh4 O-O 8. Qc2
b6 9. Nf3 Bb7 10. Be2 Nbd7 11. O-O c5 12. dxc5 bxc5 13. Rfd1 Rc8 14. Rac1 Qb6
15. Rd2 Rfd8 16. Rcd1 Qe6 17. Qa4 Bc6 18. Bb5 Nb6 19. Qa6 Nc4 20. Bxc4 dxc4 21.
Rxd8+ Bxd8 22. Qxa7 Be7 23. Bg3 Ng4 24. h3 Nf6 25. Ne5 Ba8 26. Nf3 g5 27. Qa4
g4 28. hxg4 Qxg4 29. Ne5 Qh5 30. Qxc4 Ne4 31. Nf3 Nxg3 32. fxg3 Bxf3 33. gxf3
Qxf3 34. Qf4 Qxf4 35. exf4 Rb8 36. Rd2 Bf6 37. Kg2 Bd4 38. Kf3 Kg7 39. Re2 f6
40. Re7+ Kf8 41. Re2 Kf7 42. Rc2 f5 43. Re2 h5 44. Rc2 1/2-1/2

[Event "4NCL 3 South pool B"]
[Site "Maidenhead, ENG"]
[Date "2020.01.11"]
[Round "3.61"]
[White "Mogilarov, Dimitar"]
[Black "Norman, Kenneth I"]
[Result "0-1"]
[WhiteElo "2110"]
[BlackElo "2120"]
[PlyCount "40"]
[EventDate "2020.01.11"]
[WhiteTeam "Fermented Sharks"]
[BlackTeam "Iceni 1"]

1. e4 e5 2. Nf3 Nc6 3. d4 exd4 4. Bc4 Bc5 5. c3 Nf6 6. cxd4 Bb4+ 7. Bd2 Bxd2+
8. Nbxd2 d5 9. exd5 Nxd5 10. O-O O-O 11. Rc1 Nb6 12. Bb3 Bg4 13. h3 Bh5 14. Rc5
Bg6 15. Qc1 Nxd4 16. Nxd4 Qxd4 17. Nf3 Qf6 18. Rxc7 Rac8 19. Re1 h6 20. Ree7
Qxe7 0-1

[Event "4NCL 3 South pool B"]
[Site "Maidenhead, ENG"]
[Date "2020.01.11"]
[Round "3.62"]
[White "Hughes, Roy"]
[Black "Menzies, Colin"]
[Result "1/2-1/2"]
[WhiteElo "2026"]
[BlackElo "2181"]
[PlyCount "145"]
[EventDate "2020.01.11"]
[WhiteTeam "Iceni 1"]
[BlackTeam "Fermented Sharks"]

1. d4 Nf6 2. Nf3 d6 3. Bf4 Nbd7 4. h3 g6 5. e3 Bg7 6. Be2 O-O 7. O-O Qe8 8. c3
e5 9. Bh2 Qe7 10. Qc2 b6 11. a4 a6 12. Rd1 Bb7 13. Nbd2 e4 14. Ne1 Ne8 15. b4
Rc8 16. b5 a5 17. c4 f5 18. Rac1 Kh8 19. Nb3 c6 20. bxc6 Bxc6 21. Qa2 Qf7 22.
Qa3 g5 23. d5 Bb7 24. Nd4 Nc5 25. Rb1 Qc7 26. Nb5 Qd8 27. Nc2 f4 28. Bg4 Rb8
29. Ncd4 Nc7 30. Na7 Bxd4 31. Rxd4 N7a6 32. f3 exf3 33. Bxf3 Nb4 34. Rc1 Qf6
35. Rdd1 Rbe8 36. exf4 gxf4 37. Qa1 Re5 38. Rf1 Nb3 39. Qa3 Re3 40. Rcd1 Nd2
41. Qa1 Nxf1 42. Qxf6+ Rxf6 43. Kxf1 Ba6 44. Nb5 Bxb5 45. cxb5 Rd3 46. Rxd3
Nxd3 47. Bg1 Nc5 48. Bd4 Kg7 49. Bd1 Kf7 50. Bxf6 Kxf6 51. Bc2 Ke5 52. Bxh7
Nxa4 53. Ke1 Nc3 54. Bd3 Nxd5 55. Ke2 Nc3+ 56. Kd2 Ne4+ 57. Kc2 Nc5 58. Be2 d5
59. h4 d4 60. Bf3 Kf5 61. Kd2 Nd7 62. Bd1 Ne5 63. h5 Nc4+ 64. Kc1 Kg5 65. Be2
Ne3 66. Bf3 Nxg2 67. Bxg2 Kxh5 68. Kd2 Kg4 69. Ke2 Kg3 70. Bd5 a4 71. Kd3 f3
72. Kxd4 f2 73. Bc4 1/2-1/2

[Event "4NCL 3 South pool B"]
[Site "Maidenhead, ENG"]
[Date "2020.01.11"]
[Round "3.63"]
[White "Okhai, Shabir"]
[Black "Reynolds, D Ian W"]
[Result "1/2-1/2"]
[WhiteElo "2103"]
[BlackElo "2014"]
[PlyCount "81"]
[EventDate "2020.01.11"]
[WhiteTeam "Fermented Sharks"]
[BlackTeam "Iceni 1"]

1. e4 e5 2. Nf3 Nc6 3. Bc4 Bc5 4. c3 Nf6 5. d3 d6 6. a4 a5 7. Na3 Qe7 8. Bb3
Be6 9. Nc4 h6 10. O-O O-O 11. Be3 Bxe3 12. fxe3 Kh8 13. Qe1 d5 14. Ncxe5 Nxe5
15. Nxe5 dxe4 16. Bxe6 Qxe6 17. d4 Nd7 18. Nxd7 Qxd7 $11 19. Qh4 f5 20. Rf2 Ra6
21. Raf1 Raf6 22. Qg3 Qd6 23. Qxd6 cxd6 24. c4 g5 25. g3 Kg7 26. Rc2 Kg6 27. b4
b6 28. bxa5 bxa5 29. c5 dxc5 30. Rxc5 Rb8 31. Rfc1 Rb3 32. R1c3 Rb1+ 33. Kg2
Rb2+ 34. Rc2 Rb3 35. R2c3 Rb2+ 36. Rc2 Rb3 37. R5c3 Rb4 38. Rc4 Rb3 39. R4c3
Rb4 40. Rc4 Rb3 41. R4c3 1/2-1/2

[Event "4NCL 3 South pool B"]
[Site "Maidenhead, ENG"]
[Date "2020.01.11"]
[Round "3.64"]
[White "Ortiz Sanchez, Luis"]
[Black "Voyiakis, Emmanuel"]
[Result "1/2-1/2"]
[WhiteElo "1947"]
[BlackElo "2067"]
[PlyCount "91"]
[EventDate "2020.01.11"]
[WhiteTeam "Iceni 1"]
[BlackTeam "Fermented Sharks"]

1. e4 c5 2. Nf3 d6 3. Bb5+ Bd7 4. Bxd7+ Qxd7 5. c4 Nc6 6. d4 cxd4 7. Nxd4 Nf6
8. Nc3 g6 9. f3 Bg7 10. Be3 O-O 11. O-O Rac8 12. Rc1 a6 13. b3 Qd8 14. Qd2 Re8
15. Rfd1 Qa5 16. Nxc6 bxc6 17. Nd5 Qxd2 18. Nxf6+ Bxf6 19. Rxd2 c5 20. Kf1 Ra8
21. Ke2 a5 22. a4 Rab8 23. Rb1 Rb7 24. Kd1 Kg7 25. Kc2 h5 26. Rd5 Rg8 27. f4
Kh7 28. e5 dxe5 29. fxe5 e6 30. Rxc5 Bd8 31. Rb5 Rd7 32. Rd1 Rxd1 33. Kxd1 Bc7
34. Kc2 g5 35. Bd2 Ra8 36. Bxg5 Kg6 37. Be7 Ra6 38. Ba3 Kf5 39. Bb2 Ke4 40. Kd2
h4 41. Ke2 Ra8 42. Bc3 Rg8 43. Kf2 Ra8 44. Ke2 Rg8 45. Kf2 Ra8 46. Ke2 1/2-1/2

[Event "4NCL 3 South pool B"]
[Site "Maidenhead, ENG"]
[Date "2020.01.11"]
[Round "3.65"]
[White "Millward, Kevin P"]
[Black "Calvert, D Ian"]
[Result "1/2-1/2"]
[WhiteElo "1948"]
[BlackElo "1946"]
[PlyCount "303"]
[EventDate "2020.01.11"]
[WhiteTeam "Fermented Sharks"]
[BlackTeam "Iceni 1"]

1. d4 d5 2. Bf4 Nf6 3. e3 c5 4. c3 Nc6 5. Nd2 cxd4 6. exd4 Bf5 7. Ngf3 e6 8.
Ne5 Be7 9. Bb5 Qb6 10. Qb3 Rc8 11. O-O O-O 12. Be2 Nxe5 13. Qxb6 axb6 14. Bxe5
Ne4 15. Nxe4 Bxe4 16. Bb5 Rfd8 17. f3 Bg6 18. Rfe1 Bd6 19. h4 f6 20. Bxd6 Rxd6
21. Kf2 Be8 22. Bd3 b5 23. Rac1 Bd7 24. f4 Re8 25. Re3 Ra6 26. a3 Raa8 27. Rce1
f5 28. g4 fxg4 29. Kg3 Rf8 30. Re5 Rf6 31. Kxg4 Raf8 32. Rf1 g6 33. Kg3 Kg7 34.
Rg5 h6 35. Re5 Kf7 36. Re3 Ke7 37. Re5 Kd6 38. Rf2 Be8 39. Rf3 Bd7 $11 40. Rf1
Be8 41. Ree1 Bd7 42. Be2 h5 43. Bd3 Be8 44. Re3 Bd7 45. Ref3 Be8 46. R1f2 Bd7
47. Kg2 Bc6 48. Kf1 Bd7 49. Ke2 Kc6 50. Kd2 Kb6 51. Ke3 Kc6 52. Rg2 Be8 53. Rg1
Kb6 54. Rf2 Kc6 55. Rgf1 Bd7 56. Ra1 Kd6 57. Rf3 Bc6 58. Rg1 Be8 59. Rg5 Kc6
60. Bc2 Kd6 61. Rf2 Ke7 62. Re5 Kd6 63. Bb3 Rf5 64. Bc2 R5f6 65. Rg5 Ke7 66.
Rg1 Kd6 67. Bb1 Ke7 68. Rgf1 Kd6 69. Bc2 Bc6 70. Kd2 Be8 71. Bd1 Bd7 72. Kc2
Kc6 73. Kb3 Kb6 74. Kb4 Bc6 75. Bc2 Bd7 76. Bd3 Bc6 77. Bb1 Bd7 78. Rf3 Bc6 79.
R1f2 Bd7 80. Bd3 Bc6 81. Bf1 Bd7 82. Bh3 Kc6 83. Bf1 Kb6 84. Bg2 Kc6 85. Bh3
Kb6 86. Re3 Kc6 87. Ref3 Kb6 88. Re3 Kc6 89. Ref3 Kb6 90. Bf1 Bc6 91. Bg2 Bd7
92. Rf1 Kc6 93. Bh3 Kd6 94. Ka5 Ra8+ 95. Kb4 Raf8 96. Kb3 Bc6 97. R1f2 Bd7 98.
Bf1 Kc6 99. Be2 Kb6 100. Kb4 Bc6 101. Rf1 Bd7 102. Bd1 Bc6 103. Bc2 Be8 104.
Bb1 Bd7 105. Ba2 Be8 106. Bb1 Bd7 107. R1f2 Be8 108. Ba2 Bd7 109. b3 Bc6 110.
Rf1 Bd7 111. R3f2 Bc6 112. Bb1 Be8 113. Bd3 Bd7 114. Rf3 Be8 115. Re3 Bd7 116.
Ref3 Be8 117. R1f2 Bd7 118. Bf1 Rf5 119. Bh3 R5f6 120. Re3 Kc6 121. Ref3 Kb6
$11 122. Bf1 Rf5 123. Bd3 R5f6 124. Bf1 Rf5 125. Be2 Bc6 126. Rf1 Bd7 127. Bd3
R5f6 128. a4 bxa4 129. bxa4 Ra8 130. Ra1 Raf8 131. a5+ Kc7 132. Raf1 Kd6 133.
Be2 Bc6 134. R1f2 Bd7 135. Bf1 Rf5 136. Be2 R5f6 137. Bd3 Bc6 138. Be2 Rf5 139.
Bd1 R5f6 140. Bc2 Bd7 141. Rf1 Bc6 142. Bd3 Bd7 143. R3f2 Bc6 144. Be2 Bd7 145.
Bd3 Bc6 146. Rf3 Bd7 147. Be2 Bc6 148. R3f2 Bd7 149. Bd3 Bc6 150. Be2 Bd7 151.
Bd3 Bc6 152. Be2 1/2-1/2

[Event "4NCL 3 South pool B"]
[Site "Maidenhead, ENG"]
[Date "2020.01.11"]
[Round "3.66"]
[White "Sagues, Vincent"]
[Black "Dydak, Mateusz"]
[Result "1-0"]
[WhiteElo "1951"]
[BlackElo "1889"]
[PlyCount "177"]
[EventDate "2020.01.11"]
[WhiteTeam "Iceni 1"]
[BlackTeam "Fermented Sharks"]

1. e4 e6 2. d4 d5 3. Nd2 Nc6 4. Ngf3 Nf6 5. e5 Nd7 6. Be2 f6 7. exf6 Qxf6 8.
Nf1 Bd6 9. Ne3 O-O 10. O-O b6 11. c4 dxc4 12. Nxc4 Bf4 13. Bxf4 Qxf4 14. d5 Ne7
15. d6 Nd5 16. dxc7 Qxc7 17. Rc1 Qf4 18. Qd2 Ba6 19. Rfe1 Nc5 20. Nce5 Bxe2 21.
Qxe2 Rae8 22. a3 Qh6 23. b4 Nf4 24. Qe3 Nb7 25. Nd3 Nd6 26. Nxf4 Qxf4 27. Qxf4
Rxf4 28. Rc6 Nb5 29. Re3 Nd4 30. Nxd4 Rxd4 31. g3 e5 32. Rc7 a5 33. bxa5 bxa5
34. Ra7 a4 35. Rc3 Rg4 36. h3 Rg6 37. Rcc7 e4 38. Kg2 h6 39. Re7 Kf8 40. Rxe8+
Kxe8 41. Rxa4 Re6 42. Kf1 e3 43. f3 e2+ 44. Ke1 Kf7 45. Rf4+ Kg6 46. Re4 Rb6
47. a4 Rb2 48. Rxe2 Rb3 49. Kf2 Ra3 50. Re4 Kf5 51. g4+ Kg5 52. Kg3 Kf6 53. h4
g5 54. hxg5+ hxg5 55. Rb4 Ra2 56. Rb6+ Kf7 57. Rb5 Kf6 58. Rb6+ Kg7 59. Rb4 Kf6
60. Rc4 Kf7 61. f4 Ra3+ 62. Kf2 gxf4 63. Rxf4+ Kg6 64. Re4 Kg5 65. Ke2 Rc3 66.
Kd2 Rc5 67. Kd3 Kf6 68. Kd4 Rc1 69. Kd5 Kg5 70. Rc4 Rb1 71. Kc5 Rb8 72. a5 Rc8+
73. Kb4 Rb8+ 74. Kc3 Rb1 75. Ra4 Rc1+ 76. Kb2 Re1 77. a6 Re2+ 78. Kc3 Re3+ 79.
Kd2 Re8 80. a7 Ra8 81. Kc3 Rc8+ 82. Kb2 Ra8 83. Kb3 Kh4 84. Kb4 Kxg4 85. Kb5+
Kf3 86. Kb6 Ke3 87. Kb7 Rh8 88. a8=Q Rxa8 89. Rxa8 1-0

[Event "4NCL 3 South pool B"]
[Site "Maidenhead, ENG"]
[Date "2020.01.11"]
[Round "3.71"]
[White "Fraser-Mitchell, Jeremy N"]
[Black "Cooksey, Paul S"]
[Result "1/2-1/2"]
[WhiteElo "2062"]
[BlackElo "2305"]
[PlyCount "106"]
[EventDate "2020.01.11"]
[WhiteTeam "MK Phoenix 1"]
[BlackTeam "Crowthorne 1"]

1. d4 d5 2. c4 c6 3. cxd5 cxd5 4. Nc3 Nf6 5. Nf3 Nc6 6. Bf4 a6 7. Rc1 Bf5 8. e3
Rc8 9. Be2 e6 10. O-O Nd7 11. Nd2 Be7 12. f3 Bg6 13. Nb3 O-O 14. Qd2 Nb6 15.
Rfd1 Nc4 16. Bxc4 dxc4 17. Nc5 b6 18. N5e4 Nb4 19. Nf2 Nd3 20. Nxd3 Bxd3 21.
Ne4 b5 22. Nf2 Bg6 23. e4 Qb6 24. Be3 Rfd8 25. Nh3 f6 26. Nf4 Bf7 27. a3 Qb8
28. Qf2 Bd6 29. g3 Bc7 30. Kg2 Qb7 31. Ne2 Bb6 32. Rd2 Qa7 33. Rcd1 a5 34. Nc3
Be8 35. Re1 b4 36. axb4 axb4 37. Nd1 Qa5 38. d5 Bxe3 39. Nxe3 b3 40. Red1 Bf7
41. dxe6 Bxe6 42. Nd5 Bxd5 43. Rxd5 Rxd5 44. Rxd5 $11 Qc7 45. Qd2 c3 46. bxc3
Qb6 47. Rd6 Qa5 48. Rd5 Qb6 49. Rd6 Qb8 50. Qd5+ Kh8 51. Qe6 Re8 52. Rb6 Qd8
53. Qxb3 Qd2+ 1/2-1/2

[Event "4NCL 3 South pool B"]
[Site "Maidenhead, ENG"]
[Date "2020.01.11"]
[Round "3.72"]
[White "Webb, Richard M"]
[Black "Tippleston, Charles E"]
[Result "1/2-1/2"]
[WhiteElo "2215"]
[BlackElo "2081"]
[PlyCount "49"]
[EventDate "2020.01.11"]
[WhiteTeam "Crowthorne 1"]
[BlackTeam "MK Phoenix 1"]

1. e4 c5 2. Nc3 e6 3. Nge2 Nc6 4. g3 d6 5. Bg2 Nf6 6. O-O Be7 7. d3 O-O 8. h3
d5 9. exd5 exd5 10. Nf4 d4 11. Ncd5 Nxd5 12. Nxd5 Bd6 13. Re1 Re8 14. Rxe8+
Qxe8 15. Bd2 Qd8 16. Qh5 Be6 17. Re1 g6 18. Qf3 Be5 19. Nf4 Bf5 20. g4 Bd7 21.
Nd5 Kg7 22. a3 f6 23. b4 cxb4 24. axb4 a6 25. h4 1/2-1/2

[Event "4NCL 3 South pool B"]
[Site "Maidenhead, ENG"]
[Date "2020.01.11"]
[Round "3.73"]
[White "Freeman, Richard C P"]
[Black "Thompson, Ian D"]
[Result "1-0"]
[WhiteElo "2010"]
[BlackElo "2141"]
[PlyCount "95"]
[EventDate "2020.01.11"]
[WhiteTeam "MK Phoenix 1"]
[BlackTeam "Crowthorne 1"]

1. d4 d5 2. Bf4 Nf6 3. e3 c5 4. dxc5 Nc6 5. Bb5 e6 6. b4 a5 7. c3 Be7 8. Nf3
O-O 9. Bxc6 bxc6 10. O-O Nd7 11. a4 Bb7 12. Nbd2 Bf6 13. Ra3 e5 14. Bg3 Ba6 15.
Re1 Qb8 16. Rb3 Qa7 17. e4 axb4 18. cxb4 d4 19. Qc2 Rfe8 20. Ra1 h5 21. Nc4 Re6
22. h4 g6 23. Rbb1 Qc7 24. Nxd4 Ree8 25. Nf3 Rab8 26. Nd6 Re6 27. Qc3 Qd8 28.
Rb2 Be7 29. Rd1 Bxd6 30. Rxd6 Rxd6 31. cxd6 f6 32. Qxc6 Bb7 33. Qc7 Qe8 34. b5
Qe6 35. a5 Bxe4 36. a6 Rf8 37. b6 Nb8 38. a7 Na6 39. Qe7 Qc4 40. d7 Qc1+ 41.
Kh2 Qxb2 42. Qxf8+ Kxf8 43. d8=Q+ Kg7 44. Qe7+ Kg8 45. Qe6+ Kg7 46. Nxe5 Qb5
47. Qf7+ Kh6 48. a8=Q 1-0

[Event "4NCL 3 South pool B"]
[Site "Maidenhead, ENG"]
[Date "2020.01.11"]
[Round "3.74"]
[White "Coates, Kenneth G"]
[Black "Brown, Alan M"]
[Result "1/2-1/2"]
[WhiteElo "2077"]
[BlackElo "2009"]
[PlyCount "66"]
[EventDate "2020.01.11"]
[WhiteTeam "Crowthorne 1"]
[BlackTeam "MK Phoenix 1"]

1. d4 d5 2. Bg5 Nf6 3. Bxf6 exf6 4. e3 Bf5 5. Nf3 Bd6 6. c4 dxc4 7. Bxc4 O-O 8.
Nc3 Nc6 9. Nh4 Bd7 10. O-O f5 11. Nf3 a6 12. Rc1 Qf6 13. Re1 Qh6 14. g3 g5 15.
e4 fxe4 16. Nxe4 g4 17. Nxd6 cxd6 18. Nh4 Rae8 19. Be2 Re4 20. d5 Nd4 21. Bf1
Rxe1 22. Qxe1 Qxh4 23. gxh4 Nf3+ 24. Kg2 Nxe1+ 25. Rxe1 Re8 26. Rxe8+ Bxe8 27.
Kg3 Bd7 28. Kf4 Kg7 29. Bd3 h6 30. Bf5 Bb5 31. Bxg4 a5 32. Ke4 Kf6 33. a3 b6
1/2-1/2

[Event "4NCL 3 South pool B"]
[Site "Maidenhead, ENG"]
[Date "2020.01.11"]
[Round "3.75"]
[White "Habershon, Paul F"]
[Black "Purdon, Colin"]
[Result "1/2-1/2"]
[WhiteElo "2006"]
[BlackElo "1991"]
[PlyCount "58"]
[EventDate "2020.01.11"]
[WhiteTeam "MK Phoenix 1"]
[BlackTeam "Crowthorne 1"]

1. c4 c6 2. Nc3 d5 3. d4 Nf6 4. e3 e6 5. Nf3 Nbd7 6. Bd3 dxc4 7. Bxc4 b5 8. Bd3
Bd6 9. O-O O-O 10. e4 e5 11. d5 cxd5 12. Nxd5 Nxd5 13. exd5 Nf6 14. Bg5 h6 15.
Bxf6 Qxf6 16. Nd2 Bd7 17. Qe2 Qe7 18. Ne4 a6 19. Nxd6 Qxd6 20. Rfe1 Rfe8 21.
Rad1 Rac8 22. Bb1 Rc5 23. Qe4 g6 24. Qb4 a5 25. Qxa5 Rxd5 26. Rxd5 Qxd5 27. Qc3
Rc8 28. Qd3 Rc5 29. f3 Qxd3 1/2-1/2

[Event "4NCL 3 South pool B"]
[Site "Maidenhead, ENG"]
[Date "2020.01.11"]
[Round "3.76"]
[White "Johnson, Derek R"]
[Black "Elwin, Adrian G"]
[Result "1-0"]
[WhiteElo "1906"]
[BlackElo "1986"]
[PlyCount "41"]
[EventDate "2020.01.11"]
[WhiteTeam "Crowthorne 1"]
[BlackTeam "MK Phoenix 1"]

1. e4 c6 2. d4 d5 3. e5 Bf5 4. Nf3 e6 5. Be2 Nd7 6. O-O Ne7 7. c4 dxc4 8. Bxc4
Nb6 9. Bd3 Bg6 10. Bg5 Qd7 11. a4 Bxd3 12. Qxd3 h6 13. Be3 g5 14. Nc3 Nbd5 15.
Ne4 Ng6 16. g3 Be7 17. Nfd2 Rg8 18. Nc4 Kf8 19. Kh1 Kg7 20. Ncd6 f5 21. Nc5 1-0

[Event "4NCL 3 South pool B"]
[Site "Maidenhead, ENG"]
[Date "2020.01.11"]
[Round "3.81"]
[White "Duggan, Michael F G"]
[Black "Chopra, Tanmay"]
[Result "1/2-1/2"]
[WhiteElo "2027"]
[BlackElo "2186"]
[PlyCount "56"]
[EventDate "2020.01.11"]
[WhiteTeam "Wessex B"]
[BlackTeam "Cambridge University 2"]

1. d4 Nf6 2. Nc3 d5 3. Bf4 e6 4. e3 c5 5. Nb5 Na6 6. Nf3 Be7 7. h3 O-O 8. a4
Bd7 9. Ne5 Be8 10. c3 c4 11. Be2 Ne4 12. O-O f6 13. Nf3 Bxb5 14. axb5 Nc7 15.
Qc2 f5 16. Qa4 Bd6 17. Rfc1 Bxf4 18. exf4 Qe8 19. b3 Nxb5 20. Qb4 Nbd6 21. bxc4
dxc4 22. Bxc4 a5 23. Qb3 Nxc4 24. Qxc4 b5 25. Qc7 Qb8 26. Qc6 Qxf4 27. Qxb5 Qc7
28. Qe5 Qxe5 1/2-1/2

[Event "4NCL 3 South pool B"]
[Site "Maidenhead, ENG"]
[Date "2020.01.11"]
[Round "3.83"]
[White "Anderson, Peter W"]
[Black "Starley, Robert"]
[Result "0-1"]
[WhiteElo "1998"]
[BlackElo "2072"]
[PlyCount "62"]
[EventDate "2020.01.11"]
[WhiteTeam "Wessex B"]
[BlackTeam "Cambridge University 2"]

1. d4 Nf6 2. c4 e6 3. Nc3 Bb4 4. e3 O-O 5. Bd3 d5 6. a3 Bxc3+ 7. bxc3 c5 8.
cxd5 Nxd5 9. Ne2 cxd4 10. cxd4 b6 11. O-O Bb7 12. e4 Nf6 13. f3 h6 14. Qe1 Nbd7
15. Qg3 Kh8 16. Qh3 e5 17. Bb2 exd4 18. Nxd4 Ne5 19. Rfd1 Bc8 20. Qg3 Nxd3 21.
Rxd3 Qe7 22. Rc1 Nh5 23. Qc7 Qg5 24. Ne2 Ba6 25. Rd5 Qe3+ 26. Kh1 Qxe2 27. Qe5
f6 28. Qxh5 Qxb2 29. Rcd1 Be2 30. R5d2 Qb5 31. Rd5 Qe8 0-1

[Event "4NCL 3 South pool B"]
[Site "Maidenhead, ENG"]
[Date "2020.01.11"]
[Round "3.84"]
[White "Chan, Nevil"]
[Black "Simons, Martin J"]
[Result "1/2-1/2"]
[WhiteElo "2023"]
[BlackElo "1962"]
[PlyCount "46"]
[EventDate "2020.01.11"]
[WhiteTeam "Cambridge University 2"]
[BlackTeam "Wessex B"]

1. d4 c5 2. d5 Nf6 3. Nc3 g6 4. e4 d6 5. Be2 Bg7 6. Nf3 O-O 7. Nd2 e6 8. O-O
exd5 9. exd5 Nbd7 10. Nc4 Ne5 11. Ne3 g5 12. Nc4 Nxc4 13. Bxc4 Nd7 14. Ne4 Ne5
15. Be2 h6 16. f4 gxf4 17. Bxf4 Ng6 18. Bd2 Re8 19. Ng3 Qh4 20. Bc3 Bxc3 21.
bxc3 Re5 22. c4 Bd7 23. Bd3 Bg4 1/2-1/2

[Event "4NCL 3 South pool B"]
[Site "Maidenhead, ENG"]
[Date "2020.01.11"]
[Round "3.85"]
[White "De Coverly, Roger D"]
[Black "Webster, Peter A N"]
[Result "1-0"]
[WhiteElo "1940"]
[BlackElo "1873"]
[PlyCount "81"]
[EventDate "2020.01.11"]
[WhiteTeam "Wessex B"]
[BlackTeam "Cambridge University 2"]

1. e4 e6 2. d4 d5 3. exd5 exd5 4. c4 Nf6 5. Nc3 Bb4 6. Nf3 O-O 7. Be2 dxc4 8.
Bxc4 Nc6 9. O-O Bg4 10. Be3 Re8 11. Qb3 Qe7 12. Ne5 Bh5 13. Bb5 Na5 14. Qc2 c6
15. Bd3 c5 16. Rae1 cxd4 17. Bxd4 Bd6 18. Nf3 Qc7 19. Bxf6 gxf6 20. Rxe8+ Rxe8
21. Nd5 Qd8 22. Bxh7+ Kg7 23. Be4 f5 24. Qc3+ f6 25. Bxf5 Bxh2+ 26. Nxh2 Qxd5
27. Qc7+ Bf7 28. Qg3+ Kf8 29. Qh3 Re2 30. Nf3 Qxa2 31. Nd4 Re5 32. Rc1 Nc6 33.
Nxc6 bxc6 34. Rxc6 Qa5 35. Qh8+ Ke7 36. Qxf6+ Kf8 37. Qd6+ Kg7 38. Qh6+ Kg8 39.
Bh7+ Kh8 40. Bg6+ Kg8 41. Qh7+ 1-0

[Event "4NCL 3 South pool B"]
[Site "Maidenhead, ENG"]
[Date "2020.01.11"]
[Round "3.86"]
[White "Campbell, Mark C"]
[Black "Weatherlake, John P"]
[Result "0-1"]
[WhiteElo "1889"]
[BlackElo "1975"]
[PlyCount "54"]
[EventDate "2020.01.11"]
[WhiteTeam "Cambridge University 2"]
[BlackTeam "Wessex B"]

1. e4 g6 2. d4 Bg7 3. c4 d6 4. Nc3 e5 5. d5 a5 6. Bd3 Bd7 7. Be3 Na6 8. Nge2 f5
9. f3 Nf6 10. O-O f4 11. Bf2 g5 12. a3 O-O 13. Qb1 g4 14. Kh1 Qe8 15. b4 Qh5
16. Bg1 gxf3 17. Rxf3 Bg4 18. Rf2 Qh4 19. bxa5 Nc5 20. Qc2 Nh5 21. Raf1 Rf6 22.
Qd2 Raf8 23. g3 Qh3 24. gxf4 Nxd3 25. Rg2 Bf3 26. Rxf3 Qxf3 27. f5 Ndf4 0-1

[Event "4NCL 3 South pool B"]
[Site "Maidenhead, ENG"]
[Date "2020.01.12"]
[Round "4.51"]
[White "Mihalik, Agoston"]
[Black "Fraser-Mitchell, Jeremy N"]
[Result "1/2-1/2"]
[WhiteElo "2205"]
[BlackElo "2062"]
[PlyCount "140"]
[EventDate "2020.01.12"]
[WhiteTeam "West is Best 2"]
[BlackTeam "MK Phoenix 1"]

1. e4 e6 2. d4 d5 3. Nd2 Nf6 4. e5 Nfd7 5. c3 c5 6. Bd3 Nc6 7. Ne2 cxd4 8. cxd4
f6 9. exf6 Nxf6 10. O-O Bd6 11. Nf3 Qc7 12. Nc3 a6 13. Bd2 O-O 14. Rc1 Bd7 15.
Re1 Rae8 16. Na4 Re7 17. Nc5 Ng4 18. Bxh7+ Kh8 19. Ne5 Bxe5 20. Qxg4 Bxh2+ 21.
Kh1 Kxh7 22. Qh3+ Kg8 23. Qxh2 Qxh2+ 24. Kxh2 Rxf2 25. Bc3 Bc8 26. Nd3 Rf5 27.
Re3 Bd7 28. Rce1 Bc8 29. Kg1 Bd7 $11 30. g3 Bc8 31. Bb4 Ref7 32. Bc5 Rf3 33.
Nf4 R3xf4 34. gxf4 Rxf4 35. Rf1 Rf6 36. Rg3 Kf7 37. Kg2 Bd7 38. Rh1 Rg6 39. Rh8
Rxg3+ 40. Kxg3 e5 41. dxe5 Nxe5 42. Rf8+ Ke6 43. Bd4 g5 44. Rg8 g4 45. Rg7 Bc6
46. Bxe5 Kxe5 47. Rxg4 d4 48. Kf2 Bd5 49. a3 a5 50. Rg6 b5 51. a4 bxa4 52. Ra6
Ke4 53. Rxa5 Bb3 54. Ke2 d3+ 55. Kd2 Kd4 56. Ra8 Bc2 57. Rc8 Kd5 58. Kc3 Kd6
59. Rd8+ Kc5 60. Rd4 Kb5 61. Rd5+ Kc6 62. Rg5 Kb6 63. Kd2 Kc6 $11 64. Kc3 Kb6
65. Rd5 Kc6 66. Rd8 Kc5 67. Rh8 Kb5 68. Rh5+ Kc6 69. Rg5 Kb6 70. Rg8 Kc6
1/2-1/2

[Event "4NCL 3 South pool B"]
[Site "Maidenhead, ENG"]
[Date "2020.01.12"]
[Round "4.52"]
[White "Brown, Alan M"]
[Black "Midhun, P U."]
[Result "0-1"]
[WhiteElo "2009"]
[BlackElo "2135"]
[PlyCount "64"]
[EventDate "2020.01.12"]
[WhiteTeam "MK Phoenix 1"]
[BlackTeam "West is Best 2"]

1. d4 Nf6 2. c4 e6 3. Nc3 Bb4 4. Qc2 O-O 5. e4 d5 6. e5 Ne4 7. a3 Bxc3+ 8. bxc3
c5 9. Nf3 Nc6 10. Bd3 cxd4 11. cxd4 Qa5+ 12. Bd2 Nxd2 13. Qxd2 Qxd2+ 14. Kxd2
dxc4 15. Bxc4 Rd8 16. Ke3 b6 17. Rhd1 Bb7 18. Ng5 Rac8 19. Bd3 f6 20. Nxe6 Re8
21. f4 fxe5 22. Bc4 exd4+ 23. Kf2 Na5 24. Nc7+ Nxc4 25. Nxe8 Rxe8 26. Rxd4 Re4
27. Rxe4 Bxe4 28. Rd1 Bf5 29. a4 a5 30. Rd4 Nb2 31. Ke2 Bg6 32. Kd2 Be8 0-1

[Event "4NCL 3 South pool B"]
[Site "Maidenhead, ENG"]
[Date "2020.01.12"]
[Round "4.53"]
[White "Bullen, Alex"]
[Black "Freeman, Richard C P"]
[Result "1-0"]
[WhiteElo "2039"]
[BlackElo "2010"]
[PlyCount "53"]
[EventDate "2020.01.12"]
[WhiteTeam "West is Best 2"]
[BlackTeam "MK Phoenix 1"]

1. d4 g6 2. e4 Bg7 3. Nf3 d6 4. Nc3 a6 5. a4 b6 6. Bc4 e6 7. O-O Ne7 8. Re1 h6
9. Be3 O-O 10. Qd2 Kh7 11. Ne2 Nd7 12. Ng3 Bb7 13. h3 Nf6 14. Bd3 Nfg8 15. h4
Qd7 16. h5 g5 17. c3 f5 18. exf5 Nxf5 19. d5 Bxd5 20. Bxf5+ exf5 21. Qxd5 f4
22. Bxf4 gxf4 23. Qd3+ Kh8 24. Nh4 Bf6 25. Ng6+ Kg7 26. Nf5+ Kf7 27. Qd5+ 1-0

[Event "4NCL 3 South pool B"]
[Site "Maidenhead, ENG"]
[Date "2020.01.12"]
[Round "4.54"]
[White "Elwin, Adrian G"]
[Black "Taylor, William J"]
[Result "1/2-1/2"]
[WhiteElo "1986"]
[BlackElo "1959"]
[PlyCount "45"]
[EventDate "2020.01.12"]
[WhiteTeam "MK Phoenix 1"]
[BlackTeam "West is Best 2"]

1. d4 Nf6 2. c4 g6 3. Nc3 Bg7 4. e4 d6 5. Be2 O-O 6. Nf3 e5 7. dxe5 dxe5 8.
Qxd8 Rxd8 9. Bg5 Re8 10. Rd1 Na6 11. O-O h6 12. Be3 c6 13. Ne1 Be6 14. b3 Bf8
15. Nd3 Nd7 16. h3 Kg7 17. Kh2 Nac5 18. g3 Nxd3 19. Bxd3 Bb4 20. Ne2 a5 21. Bc1
Be7 22. f4 f6 23. Bc2 1/2-1/2

[Event "4NCL 3 South pool B"]
[Site "Maidenhead, ENG"]
[Date "2020.01.12"]
[Round "4.55"]
[White "Freeland, Alex"]
[Black "Habershon, Paul F"]
[Result "1-0"]
[WhiteElo "2009"]
[BlackElo "2006"]
[PlyCount "55"]
[EventDate "2020.01.12"]
[WhiteTeam "West is Best 2"]
[BlackTeam "MK Phoenix 1"]

1. d4 Nf6 2. c4 e6 3. Nc3 c5 4. Nf3 cxd4 5. Nxd4 Nc6 6. e4 d6 7. Be2 Be7 8. O-O
O-O 9. Be3 Qc7 10. a3 Bd7 11. Ndb5 Qb8 12. f3 Rd8 13. b4 Be8 14. Qb3 a6 15. Nd4
Nd7 16. Rfd1 Bf6 17. Kh1 g6 18. Rd2 h5 19. f4 d5 20. Nxc6 bxc6 21. cxd5 cxd5
22. exd5 exd5 23. Rad1 d4 24. Bxd4 Rc8 25. Nd5 Bd8 26. f5 Kh7 27. Qe3 Qd6 28.
Qxe8 1-0